01014nam a2200241 a 4500001001000000003000400010005001700014008003900031040002500070082001500095110012000110245005300230260008000283300003100363490002400394590002700418830002900445910001400474942001400488952012200502952013300624999001500757000006696OSt20201218092519.0090902s1979 dr c 001 0 spa d aDO-SdBNPbspacBNPHU axxxbG767c1 aRepública DominicanabSecretaría de Estado de Agricultura, Centro de Desarrollo Agropecuario, Zona Norte91865210aGrasas comestibles :bun déficit solucionable. aSan Francisco de Macorís :bSecretaría de Estado de Agricultura,c1979. a128 p. :bretrs. ;c24 cm.1 aCenda expone ´79 ; aInventariado, 2020/ YL aCenda expone ´79977629 aYLockward 2ddccLBS1 00102ddc51718PDaPDbPDcCTd2008-08-05eDeposito LegaliLF1l0oxxx G767cp6696-10r2020-06-25w2020-06-25yLFPD 00102ddc53728PDaPDbPDcCTd2013-08-05eFlia. Reyes DuluciLF1l0oxxx G767cp2020-0796r2020-12-18te. 2w2020-06-25yLFPD c6485d6485